MARC details
| 000 -LEADER |
| campo de control de longitud fija |
01679nkm a2200337 i 4500 |
| 001 - NÚMERO DE CONTROL |
| campo de control |
3475 |
| 003 - IDENTIFICADOR DE NÚMERO DE CONTROL |
| campo de control |
ES-MaACL |
| 005 - FECHA Y HORA DE LA ÚLTIMA TRANSACCIÓN |
| campo de control |
20250713062728.0 |
| 007 - CAMPO FIJO DE DESCRIPCIÓN FÍSICA--INFORMACIÓN GENERAL |
| campo de control de longitud fija |
khrbo |
| 008 - DATOS DE LONGITUD FIJA--INFORMACIÓN GENERAL |
| campo de control de longitud fija |
051102s1985 sp --- g |001||spa d |
| 100 0# - ENTRADA PRINCIPAL--NOMBRE DE PERSONA |
| Nombre de persona |
Alfonso, |
| Fechas asociadas al nombre |
1902-1990 |
| 9 (RLIN) |
19858 |
| 245 13 - MENCIÓN DEL TÍTULO |
| Título |
La obra de los discípulos de Cirilo y Metodio |
| Resto del título |
; Metodio y la cultura búlgara e hispánica de su tiempo ; Bizancio y el legado Cirilo-Metodiano [ |
| Medio |
Fotografía] / |
| Mención de responsabilidad, etc. |
Alfonso (sello). |
| 260 ## - PUBLICACIÓN, DISTRIBUCIÓN, ETC. |
| Lugar de publicación, distribución, etc. |
[S.l. : |
| Nombre del editor, distribuidor, etc. |
s.n.], |
| Fecha de publicación, distribución, etc. |
1985. |
| 300 ## - DESCRIPCIÓN FÍSICA |
| Extensión |
6 fot. : |
| Otras características físicas |
b. y n. ; |
| Dimensiones |
12 x 18 cm. |
| 490 1# - MENCIÓN DE SERIE |
| Mención de serie |
Conmemoración del 1.100 aniversario de la muerte de Metodio |
| 500 ## - NOTA GENERAL |
| Nota general |
Datos basados en invitación. |
| 511 0# - NOTA DE PARTICIPANTES O INTÉRPRETES |
| Nota de participantes o intérpretes |
Intervienen: Dimitar Anguelov, José Mª Azcárate Ristori, Pedro Bádenas de la Peña. |
| 518 ## - NOTA DE FECHA/HORA Y LUGAR DE UN ACONTECIMIENTO |
| Nota de fecha/hora y lugar de un acontecimiento |
Acto organizado por el Ateneo de Madrid en colaboración con la Embajada de la República Popular de Bulgaria, celebrado en el salón de actos el jueves, 23 de mayo de 1985, a partir de las 20:00 h. |
| 600 14 - PUNTO DE ACCESO ADICIONAL DE MATERIA--NOMBRE DE PERSONA |
| Nombre de persona |
Anguelov, Dimitar. |
| 9 (RLIN) |
21758 |
| 600 14 - PUNTO DE ACCESO ADICIONAL DE MATERIA--NOMBRE DE PERSONA |
| Nombre de persona |
Azcárate Ristori, José María de. |
| 9 (RLIN) |
24256 |
| 600 14 - PUNTO DE ACCESO ADICIONAL DE MATERIA--NOMBRE DE PERSONA |
| Nombre de persona |
Bádenas de la Peña, Pedro. |
| 9 (RLIN) |
24526 |
| 610 24 - PUNTO DE ACCESO ADICIONAL DE MATERIA--NOMBRE DE ENTIDAD CORPORATIVA |
| Nombre de entidad corporativa o nombre de jurisdicción como elemento de entrada |
Ateneo de Madrid- |
| Subdivisión general |
Actos culturales- |
| Subdivisión cronológica |
1985- |
| Subdivisión de forma |
Fotografías. |
| 9 (RLIN) |
1900 |
| 710 2# - ENTRADA AGREGADA--NOMBRE DE ENTIDAD CORPORATIVA |
| Nombre de entidad corporativa o nombre de jurisdicción como elemento de entrada |
Ateneo de Madrid. |
| 9 (RLIN) |
1875 |
| 710 1# - ENTRADA AGREGADA--NOMBRE DE ENTIDAD CORPORATIVA |
| Nombre de entidad corporativa o nombre de jurisdicción como elemento de entrada |
Bulgaria. |
| Unidad subordinada |
Embajada (España) |
| 9 (RLIN) |
2251 |
| 740 02 - ENTRADA AGREGADA--TÍTULO RELACIONADO/ANALÍTICO NO CONTROLADO |
| Título relacionado o analítico no controlado |
Metodio y la cultura búlgara e hispánica de su tiempo. |
| 740 02 - ENTRADA AGREGADA--TÍTULO RELACIONADO/ANALÍTICO NO CONTROLADO |
| Título relacionado o analítico no controlado |
Bizancio y el legado Cirilo-Metodiano. |
| 830 0# - PUNTO DE ACCESO ADICIONAL DE SERIE-TÍTULO UNIFORME |
| Título uniforme |
Conmemoración del 1.100 aniversario de la muerte de Metodio |
| 9 (RLIN) |
176810 |
| 852 ## - LOCALIZACIÓN |
| Ubicación |
ES-MaACL |
| Número de control de estantería |
FOT 39/1985 |
| 856 4# - LOCALIZACIÓN Y ACCESO ELECTRÓNICOS |
| Identificador Uniforme de Recursos |
<a href="http://www.ateneodemadrid.net/biblioteca_digital/imagenes/1985/0039-1985.jpg">http://www.ateneodemadrid.net/biblioteca_digital/imagenes/1985/0039-1985.jpg</a> |
| Nota pública |
Ver imagen |